Energia + : časopis zamestnancov skupiny ZSE.
Uložené v:
| Nový názov: | E.ON world |
|---|---|
| Predchádzajúci názov: | Prúd |
| Korporatívny autor: | |
| Médium: | Časopis |
| Jazyk: | Slovak |
| Vydané: |
Bratislava :
Západoslovenská energetika, a.s.,
2004-2010.
|
| Témy: | |
| Fyzický popis: |
zv. ; 28 cm. |
| Tagy: |
Pridať tag
Žiadne tagy, Buďte prvý kto otaguje tento záznam!
|
Titul je dostupný aj v ... 

MARC
| LEADER | 00000nas a2200000 a 4500 | ||
|---|---|---|---|
| 001 | 000313809 | ||
| 003 | SVKK | ||
| 005 | 20120206112102.0 | ||
| 008 | 050531d20042010xo fr|p||| |0 b0slo c | ||
| 022 | |a 1337-6594 | ||
| 040 | |a KE001 |b slo |e AACR2 | ||
| 041 | 0 | |a slo | |
| 044 | |a xo |c SK | ||
| 080 | |a 070.48 |2 2006 | ||
| 080 | |a 620.9 |2 2006 | ||
| 080 | |a 621.31 |2 2006 | ||
| 210 | 1 | |a Energia + | |
| 222 | 0 | |a Energia + | |
| 245 | 0 | 0 | |a Energia + : |b časopis zamestnancov skupiny ZSE. |
| 246 | 3 | 3 | |a Energia + |
| 260 | |a Bratislava : |b Západoslovenská energetika, a.s., |c 2004-2010. | ||
| 300 | |a zv. ; |c 28 cm. | ||
| 310 | |a 2x ročne, |b 2010 | ||
| 321 | |a 4x ročne, |b 2004-2005 ; 2008-2009 | ||
| 321 | |a 6x ročne, |b 2006-2007 | ||
| 362 | 0 | |a 2004 - roč. 7, č. 1-2 (mar. - sept. 2010) | |
| 500 | |a Podnázov uvedený v tiráži: časopis pre zamestnankyne a zamestnancov, ale aj seniorky a seniorov Západoslovenskej energetiky, a.s | ||
| 650 | 8 | |a 070.48 |2 MDT | |
| 650 | 8 | |a 620.9 |2 MDT | |
| 650 | 8 | |a 621.31 |2 MDT | |
| 650 | 9 | |a podnikové časopisy |2 SKP | |
| 650 | 9 | |a energetika |2 SKP | |
| 710 | 2 | |a Západoslovenská energetika (Bratislava, Slovensko) | |
| 780 | 0 | 0 | |t Prúd |x 1335-325X |
| 785 | 0 | 0 | |t E.ON world |x 1337-6594 |
| 852 | |b CASOS |c SK13 |h C.8254 |h 13677 |4 Casopisy SVK |5 Sklad študovňa časopisov (pripravená do 2 hod.) | ||
| 852 | |b CASOS |c DEP |h C.8254 |h 13677 |4 Casopisy SVK |5 Sklad | ||
| 910 | |a KE001 |b C.8254 |r 2005-2010 | ||
| 998 | |a SE | ||
| 090 | |g CASOS |k Sklad |a C.8254 |j 216082 |i 2720179333 |s Zviazaný časopis | ||
| 090 | |g CASOS |k Sklad Zvonárska 19 |a C.8254 |j 219708 |i 2720179330 |s Zviazaný časopis | ||
| 090 | |g CASOS |k Sklad Zvonárska 19 |a C.8254 |j 221960 |i B132002 |7 CD k č.5/6 uložené v sklade, v č.3-4 Olympijská príloha, v č.5-6 Vianočná príloha |s Zviazaný časopis | ||
| 090 | |g CASOS |k Sklad Zvonárska 19 |a C.8254 |j 226035 |i 2720179331 |7 CD k č.4/08 uložené v sklade |s Zviazaný časopis | ||
| 090 | |g CASOS |k Sklad Zvonárska 19 |a C.8254 |j 230463 |i 2720221335 |s Zviazaný časopis | ||
| 090 | |g CASOS |k Sklad Zvonárska 19 |a C.8254 |j 234546 |i 2720243344 |7 Príl.:Vaša úsporná domácnosť ; CD uložené v sklade |s Zviazaný časopis | ||
| 090 | |g CASOS |k Študovňa časopisov |a C.8254 |i 313809-190 |s Príručka / Študovňa | ||